Jóvenes: III evaluación del conocimiento. La Investigación sobre juventud en México 1986-1999 /
Đã lưu trong:
| Tác giả chính: | |
|---|---|
| Nhiều tác giả của công ty: | , |
| Định dạng: | Texto |
| Được phát hành: |
México, D.F:
IMJ
|
| Những chủ đề: | |
| Các nhãn: |
Thêm thẻ
Không có thẻ, Là người đầu tiên thẻ bản ghi này!
|
MARC
| LEADER | 00000 a a2200000 04500 | ||
|---|---|---|---|
| 001 | 26755 | ||
| 003 | |||
| 040 | |||
| 020 | |a 968-5224-03-X | ||
| 090 | |a 149610 | ||
| 100 | |a Pérez Islas, José Antonio | ||
| 110 | |a Instituto Mexicano de la Juventud | ||
| 245 | |a Jóvenes: III evaluación del conocimiento. La Investigación sobre juventud en México 1986-1999 / |c Instituto Mexicano de la Juventud | ||
| 260 | |a México, D.F: |b IMJ | ||
| 300 | |a 634 p. en II tomos | ||
| 650 | |a JUVENTUD | ||
| 650 | |a SEXUALIDAD | ||
| 650 | |a COMPORTAMIENTO SEXUAL | ||
| 650 | |a INVESTIGACION INTERDISCIPLINARIA | ||
| 650 | |a EDUCACION SEXUAL | ||
| 650 | |a ENFERMEDADES DE TRANSMISION SEXUAL | ||
| 650 | |a TEORIA SOCIAL | ||
| 650 | |a HISTORIA SOCIAL | ||
| 650 | |a CAMBIO SOCIAL | ||
| 650 | |a COMPORTAMIENTO SEXUAL | ||
| 650 | |a DISTRIBUCION POE EDAD Y SEXO | ||
| 650 | |a ENFERMEDADES DE TRANSMISION SEXUAL | ||
| 710 | |a Centro de Investigación y Estudios sobre Juventud | ||
| 999 | |c 16105 |d 16105 | ||



